| 000 | 01459nam a22004097a 4500 | ||
|---|---|---|---|
| 003 | CHAP | ||
| 005 | 20220329141246.0 | ||
| 008 | 971010s1979 r 00010 d | ||
| 010 | _a65300 | ||
| 011 | _a66272 | ||
| 035 | _a74292 | ||
| 040 | _cCHAP | ||
| 090 | _aTesis | ||
| 100 | 0 | 0 |
_aSantamaría César, Enrique. _9102277 |
| 245 | _aComparación de seis métodos para estimar el Ps de los suelos agrícolas | ||
| 260 |
_aChapingo, Méx. : _bEl autor, _c1979 |
||
| 300 |
_a114 h. _b: ilus.; gráfs. |
||
| 502 | _aTesis (Ing. Agr. Esp. en Irrigación) -- ENA. Departamento de Irrigación | ||
| 590 |
_aALEPH _b10 _c20130110 _lUCH01 _h1355 |
||
| 590 |
_aBATCH-UPD _b10 _c20130110 _lUCH01 _h0746 |
||
| 590 |
_aBATCH-UPD _b10 _c20130410 _lUCH01 _h0427 |
||
| 590 |
_aBATCH-UPD _b10 _c20130914 _lUCH01 _h2014 |
||
| 590 |
_aCONVERSION _b10 _c20130109 _lUCH01 _h1336 |
||
| 650 | 1 | 4 |
_aSuelos agrícolas. _9110531 |
| 650 | 1 | 4 |
_aSuelos _xAnálisis. _9110204 |
| 650 | 1 | 4 |
_aSuelos _xHumedad. _9110391 |
| 901 | _aBK | ||
| 942 | _cFOLL | ||
| 949 |
_bBC _cTES _d-153755 _eTS1 _i74292 _si |
||
| 949 |
_bBC _cTES _d-153756 _eTS2 _fc.2 _i74292 _si |
||
| 949 |
_bBC _cTES _d33724000755880 _eTS2 _fc.3 _h22000 _i74292 _sb |
||
| 949 |
_bI _cTES _d-63019 _eTS2 _fc.2 _h555 _i74292 _si |
||
| 949 |
_bI _cTES _d-63020 _eTS2 _fc.3 _h556 _i74292 _si |
||
| 949 |
_bI _cTES _d-63021 _eTS2 _fc.4 _h557 _i74292 _si |
||
| 949 |
_bI _cTES _d-63022 _eTS2 _fc.5 _h558 _i74292 _si |
||
| 949 |
_bI _cTES _d-7156 _eTS1 _h554 _i74292 _si |
||
| 999 |
_c65300 _d65300 |
||